00441nam a2200145Ia 4500003000900000008004100009040001600050080001200066100002100078245010300099260003300202300001000235500002600245650002400271IN-BaIIA211028s9999 xx 000 0 eng d cIIA Library a51bZEL aZeldovich Ya. B. 0aElements of applied mathematicscYa. B. Zeldovich and A. D. Myskis; translated by George Yankovsky aMoscowbMIR Publishersc1976 a656p. aDonated by Mrs. Bappu aApplied Mathematics